Colonialidad del poder, globalización y democracia /

Bewaard in:
Bibliografische gegevens
Hoofdauteur: Quijano Obregón, Aníbal
Formaat: Texto
Onderwerpen:
Tags: Voeg label toe
Geen labels, Wees de eerste die dit record labelt!

MARC

LEADER 00000 a a2200000 04500
001 18746
003
040
100 |a Quijano Obregón, Aníbal  
245 |a Colonialidad del poder, globalización y democracia /  |c Aníbal Quijano Obregón 
500 |a Versión revisada de la conferencia ofrecida en la Escuela de Estudos Internacionales y Diplomáticos "Pedro Gual" en Caracas en junio del 2000%Disponible tambien en recurso electronico en 19207.25Versión revisada de la conferencia ofrecida en la Escuela de Estudos Internacionales y Diplomáticos "Pedro Gual" en Caracas en junio del 2000%Disponible tambien en recurso electronico en 19207.25  
650 |a CAPITALISMO  
650 |a GLOBALIZACION  
650 |a MARGINALIDAD  
650 |a ESTADO  
650 |a COLONIALISMO  
650 |a DESEMPLEO  
650 |a DESCOLONIZACION  
773 |g volumen 4, 7/8; páginas 58-90  
999 |c 37041  |d 37041